Sąsiedzi Hiszpanii (podpchytliwe) - Statystyki

Ogólne statystyki
  • Ten quiz został rozwiązany 932 razy
  • Średni wynik to 4 z 5
Statystyki odpowiedzi
Kontynent Kraj % Poprawnych
Europa Portugalia
99%
Europa Francja
98%
Europa Andora
92%
Afryka Maroko
87%
Europa Wielka Brytania
66%
Nie znaleziono quizów pasujących do podanych kryteriów
Rozkład punktacji
Procent ludzi z każdym wynikiem
Percentyl według liczby udzielonych odpowiedzi
Twoja historia wyników
Nie rozwiązałeś tego quizu